| 000 | 00478nam a2200181Ia 4500 | ||
|---|---|---|---|
| 001 | 23154 | ||
| 008 | 140410s9999 xx 000 0 und d | ||
| 020 | _a0-273-03326-3 | ||
| 040 | _cPK-LaUMT | ||
| 082 |
_a 658.409 _bBOA-D |
||
| 100 | _aGeorge Boak | ||
| 245 |
_aDeveloping managerial competences: _bthe management learning contract approach _cGeorge Boak |
||
| 260 |
_aLondon,UK: _bPitman, _c1991 |
||
| 300 | _a240 p. | ||
| 546 | _aEN | ||
| 650 | _aManagement | ||
| 942 | _cBK | ||
| 999 |
_c23390 _d23390 |
||